الحبة السوداء : (رقم التسجيلة. 1845)

تفاصيل مارك
000 -الفاتح
عناصر البيانات ثابتة الطول 00941cam a2200217 i 4500
005 - تاريخ ووقت آخر معاملة
حقل ضبط 20251119122149.0
008 - عناصر البيانات ثابتة الطول
عناصر البيانات ثابتة الطول 250721s1989 jo gr 000 0 ara d
082 14 - رقم تصنيف ديوي العشري
رقم التصنيف 210.461589
رقم المادة ع ب د
100 1# - مدخل رئيسي – اسم شخصي
الاسم الشخصي السعيد، عبد الله عبد الرازق مسعود
علاقة الشخص بالعمل/ دوره مؤلف.
245 12 - بيان العنوان
العنوان الحبة السوداء :
بقية العنوان حبة البركة /
بيان المسؤولية تأليف الدكتور عبد الله عبد الرازق مسعود السعيد.
250 ## - بيان الطبعة
بيان الطبعة الطبعة الأولى.
264 31 - بيانات النشر، التوزيع…إلخ
مكان النشر، التوزيع...إلخ عمان :
اسم الناشر، الموزع...إلخ دار الضياء،
تاريخ النشر، التوزيع...إلخ 1989.
300 ## - الوصف المادي
عدد الوحدات المكونة للوعاء 64 صفحة.
490 0# - بيان السلسلة
عنوان السلسلة من الإعجاز الطبي في الأحاديث النبوية الشريفة ؛
رقم الوعاء في السلسلة رقم 1.
650 17 - مدخل إضافي بالموضوع - مصطلح موضوعي
مصطلح موضوعي أو اسم جغرافي كعنصر مدخل الإسلام.
650 17 - مدخل إضافي بالموضوع - مصطلح موضوعي
مصطلح موضوعي أو اسم جغرافي كعنصر مدخل الطب الشعبي.
650 17 - مدخل إضافي بالموضوع - مصطلح موضوعي
مصطلح موضوعي أو اسم جغرافي كعنصر مدخل النباتات الطبية.
830 #0 - مدخل إضافي بالسلسلة-عنوان مقنن
عنوان السلسسلة من الإعجاز الطبي في الأحاديث النبوية الشريفة.
942 ## - بيانات إضافية (كوها)
نوع التنصيف Dewey Decimal Classification
نوع المادة (كوها) كتب
المقتنيات
حالة السحب حالة الفقدان مصدر التصنيف حالة التلف غير قابل للإعارة المكتبة الرئيسية المكتبة الحالية موقع الرف تاريخ التزويد الرقم المتسلسل Total Checkouts رقم الإستدعاء الباركود تاريخ آخر ظهور تاريخ الفاتورة نوع المادة (كوها)
    Dewey Decimal Classification     المكتبة المركزية المكتبة المركزية الإعارة 06/07/2004 148779   210.461589 / ع ب د 148779 28/07/2025 06/07/2004 كتب
    Dewey Decimal Classification     مكتبة الاميرة بديعة مكتبة الاميرة بديعة الإعارة 06/07/2004 1162   210.461589/عبد DUP-02_1162 28/07/2025 06/07/2004 كتب
    Dewey Decimal Classification     مكتبة حمزة العامة مكتبة حمزة العامة الإعارة 27/10/2015 [4853]...   210.461589/عبد PLD00360156 28/07/2025 27/10/2015 كتب
    Dewey Decimal Classification     مكتبة وادي السير العامة مكتبة وادي السير العامة الإعارة 17/02/2016 [973]....   210.461589/عبد PLD00374759 28/07/2025 17/02/2016 كتب
Implemented & Customized by: BBB with SCIT (Smart Chains for Information Technology)

Powered by Koha